000 00792nam a2200229Ia 4500
003 GCL
008 140319s9999 xx 000 0 ara d
020 _a4555064977
040 _aGCL /
_cGCL
082 0 4 _a001.6425
_bف أ
100 1 _aفاروق محمد العامرى
245 1 0 _aالانترنت /
_cفاروق محمد العامرى
250 _aالثانية
260 _aالقاهرة :
_bمعهد ناصر للدراسات الالكترونية ،
_c1999
300 _a197 ص ؛
_c24 سم
490 _aالشبكة العالمية للمعلومات
_v1
650 0 4 _aنظم المعلومات
650 0 4 _aشبكات المكتبات والمعلومات
650 0 4 _aالمراكز الببليوجرافية
650 0 4 _aالإنترنت
942 _2ddc
_cBK
999 _c5004
_d5004